Follow That Line: 'Doctor Who' II Quiz Stats

Quiz Updated Mar 26, 2015

Challenge
Share
Tweet
Embed
Score 0/30 Timer 08:00
8 Plays Today
% Correct
Lots of planets have a North.
89%
That's cacti.
88.6%
We have no need of comfy chairs.
88.4%
Some left me. Some got left behind. And some...not many, but...some died.
88.1%
It's a fez. I wear a fez now. Fezzes are cool.
88%
It's not a snog box!
88%
Well you're not mating with me, sunshine!
87.1%
Ooh, this could be a little more sonic!
85.7%
Carefully.
79.6%
Wait till you read book seven. Oh, I cried.
78.9%
Eating chips is dangerous. Crossing the road. It’s no way to live your life.
78.8%
Well, on a good day, I’m both.
78.5%
No, hold on. Sorry, that's the Lion King.
78.3%
And you know what? So was I.
78.2%
I believe in her.
75.5%
% Correct
You're a very violent young woman.
73.5%
Allons-y, Alonso!
73.2%
But we had the best of times. The best.
72.5%
Basically...run.
72.4%
Hand on my heart…. most days he’s both.
71.3%
Rose Tyler...
69.8%
Bit fairy tale.
67.8%
That's really rude!
67.3%
You could take bottle caps off with these.
67.1%
Whether it's a world or a relationship, everything has its time. And everything ends.
64%
Thanks! I'm experimenting with back-combing.
62.5%
Only there's a winner.
61.8%
If you live long enough, Lazarus, the only certainty left is that you'll end up alone.
60.5%
I bloody love you!
57.5%
Oh yes, sir. Every time.
47.3%

You're not logged in!

Compare scores with friends on all Sporcle quizzes.
Sign Up with Email
OR
Log In

You Might Also Like...

Show Comments

Extras

Top Quizzes Today


Score Distribution

Your Account Isn't Verified!

In order to create a playlist on Sporcle, you need to verify the email address you used during registration. Go to your Sporcle Settings to finish the process.